000
00219nam a22001097a 4500
041
_a
eng
080
_a
80
100
_a
Guralnik, David
245
_a
Websters.New World Dictionary
650
_a
Reference
999
_c
278139
_d
278139
942
_c
BK